<?xml version="1.0" encoding="UTF-8"?>
<record
    xmlns:xsi="http://www.w3.org/2001/XMLSchema-instance"
    xsi:schemaLocation="http://www.loc.gov/MARC21/slim http://www.loc.gov/standards/marcxml/schema/MARC21slim.xsd"
    xmlns="http://www.loc.gov/MARC21/slim">

  <leader>00928nam a2200217   4500</leader>
  <datafield tag="999" ind1=" " ind2=" ">
    <subfield code="c">8649</subfield>
    <subfield code="d">8649</subfield>
  </datafield>
  <controlfield tag="001">22756</controlfield>
  <controlfield tag="003">BD-DhUAP</controlfield>
  <controlfield tag="005">20250708180339.0</controlfield>
  <controlfield tag="008">250708b19662024bg a|||| |||| 001 0 Ban d</controlfield>
  <datafield tag="020" ind1=" " ind2=" ">
    <subfield code="a">978&#x202F;984&#x202F;952&#x202F;091&#x202F;7</subfield>
  </datafield>
  <datafield tag="040" ind1=" " ind2=" ">
    <subfield code="a">BD-DhUAP</subfield>
    <subfield code="b">BAN</subfield>
    <subfield code="c">BD-DhUAP</subfield>
    <subfield code="d">BD-DhUAP</subfield>
    <subfield code="e">BD-DhUAP</subfield>
  </datafield>
  <datafield tag="082" ind1=" " ind2=" ">
    <subfield code="2">23</subfield>
    <subfield code="a">160 KAR</subfield>
  </datafield>
  <datafield tag="100" ind1=" " ind2=" ">
    <subfield code="a">&#x995;&#x9B0;&#x9BF;&#x9AE; ,&#x9B8;&#x9B0;&#x9A6;&#x9BE;&#x9B0; &#x9AB;&#x99C;&#x9B2;&#x9C1;&#x9B2; &#x964;</subfield>
    <subfield code="e">(&#x9B2;&#x9C7;&#x996;&#x995;)&#x964;</subfield>
  </datafield>
  <datafield tag="245" ind1=" " ind2=" ">
    <subfield code="a">&#x9AF;&#x9C1;&#x995;&#x9CD;&#x9A4;&#x9BF;&#x9AC;&#x9BF;&#x9A6;&#x9CD;&#x9AF;&#x9BE; /</subfield>
    <subfield code="c">&#x9B2;&#x9C7;&#x996;&#x995;: &#x9B8;&#x9B0;&#x9A6;&#x9BE;&#x9B0; &#x9AB;&#x99C;&#x9B2;&#x9C1;&#x9B2; &#x995;&#x9B0;&#x9BF;&#x9AE;</subfield>
  </datafield>
  <datafield tag="260" ind1=" " ind2=" ">
    <subfield code="a">&#x9A2;&#x9BE;&#x995;&#x9BE; ;</subfield>
    <subfield code="b">&#x9AE;&#x9BE;&#x993;&#x9B2;&#x9BE; &#x9AC;&#x9CD;&#x9B0;&#x9BE;&#x9A6;&#x9BE;&#x9B0;&#x9CD;&#x9B8; ,</subfield>
    <subfield code="c"> &#x9E8;&#x9E6;&#x9E8;&#x9EA; &#x964;</subfield>
  </datafield>
  <datafield tag="300" ind1=" " ind2=" ">
    <subfield code="a"> &#x9E9;&#x9E8;&#x9E6;&#x9AA;&#x9C3;&#x9B7;&#x9CD;&#x9A0;&#x9BE;;</subfield>
    <subfield code="c">&#x9E8;&#x9E8;&#x9B8;&#x9C7;&#x9AE;&#x9BF;:,</subfield>
  </datafield>
  <datafield tag="504" ind1=" " ind2=" ">
    <subfield code="a">Include Index.</subfield>
  </datafield>
  <datafield tag="650" ind1=" " ind2=" ">
    <subfield code="a"> &#x9A6;&#x9B0;&#x9CD;&#x9B6;&#x9A8; &#x993; &#x9B8;&#x9BE;&#x9AE;&#x9BE;&#x99C;&#x9BF;&#x995; &#x9AE;&#x9A8;&#x9B8;&#x9CD;&#x9A4;&#x9A4;&#x9CD;&#x9A4;&#x9CD;&#x9AC; &#x9B8;&#x982;&#x9AF;&#x9C1;&#x995;&#x9CD;&#x9A4; &#x98F;&#x995;&#x99F;&#x9BF; &#x997;&#x9AC;&#x9C7;&#x9B7;&#x9A3;&#x9BE; ,</subfield>
  </datafield>
  <datafield tag="650" ind1=" " ind2=" ">
    <subfield code="a">&#x9B8;&#x9BE;&#x9AE;&#x9BE;&#x99C;&#x9BF;&#x995; &#x99A;&#x9C7;&#x9A4;&#x9A8;&#x9BE; &#x964;</subfield>
  </datafield>
  <datafield tag="942" ind1=" " ind2=" ">
    <subfield code="2">ddc</subfield>
    <subfield code="c">BK</subfield>
  </datafield>
  <datafield tag="952" ind1=" " ind2=" ">
    <subfield code="0">0</subfield>
    <subfield code="1">0</subfield>
    <subfield code="2">ddc</subfield>
    <subfield code="4">0</subfield>
    <subfield code="7">0</subfield>
    <subfield code="a">UAPCL</subfield>
    <subfield code="b">UAPCL</subfield>
    <subfield code="c">General Stacks</subfield>
    <subfield code="d">2025-07-08</subfield>
    <subfield code="l">2</subfield>
    <subfield code="m">3</subfield>
    <subfield code="o">160 KAR</subfield>
    <subfield code="p">3010022756</subfield>
    <subfield code="q">2026-03-20</subfield>
    <subfield code="r">2026-02-18</subfield>
    <subfield code="s">2026-02-18</subfield>
    <subfield code="t">1</subfield>
    <subfield code="v">413.00</subfield>
    <subfield code="w">2025-07-08</subfield>
    <subfield code="y">BK</subfield>
  </datafield>
</record>
